| 000 | 00635nam a2200193Ia 4500 | ||
|---|---|---|---|
| 003 | OSt | ||
| 005 | 20260310115335.0 | ||
| 008 | 220923b |||||||| |||| 00| 0 eng d | ||
| 037 | _cGeneral Book | ||
| 040 |
_aRTL _cRTL _beng |
||
| 041 |
_2eng _aeng |
||
| 084 |
_aX9(J)ogF.6.N8 M9/TD _qRTL |
||
| 100 |
_aJuma,Calestous _9287786 |
||
| 245 | 0 |
_aGene Hunters : Biotechnology and the Scramble for Seeds _b |
|
| 260 |
_aPrinceton _bPrinceton University Press New Jersey _c1989 |
||
| 300 |
_a288 p. _binculed biblograpical refrence an index |
||
| 942 |
_hX9(J0gF.6.N8), M9/TD _cTB _2CC |
||
| 999 |
_c650474 _d650474 |
||